| 000 | 00739 a2200157 4500 | ||
|---|---|---|---|
| 003 | Nust | ||
| 005 | 20170207154215.0 | ||
| 040 | _cNust | ||
| 082 | _a378.4 | ||
| 245 |
_aUni of the West of England _bUni of the West of England |
||
| 260 |
_aEngland _bUni of the West of England _c2001 |
||
| 300 | _a304 p. | ||
| 505 | _aAbout UWE and Bristol (Page-4) The Campuses (Page-10) The Faculties (page-13) Studying at Bristol UWE (Page-26) Information Technology (page-27) Libraries (Page-27) Language Centre (Page-28) Work and Study (Page-29) Accommodation (Page-34) The Performing Arts (Page-36) Student Advice and Welfare (Page-38) Money Matters (Page-40) How to Apply (Page-42) | ||
| 538 | _aAlmirah No. 117 Shelf No. 2 | ||
| 650 | _aUG Prospectus | ||
| 942 |
_2ddc _cBK |
||
| 999 |
_c195062 _d195062 |
||